00658 a2200193 4500020001100000035001200011037004400023082001000067090001500077100001900092245007800111250001300189260005000202300003100252500002500283942002500308999001500333952011600348 c295.00 aB-79552 bRP-AG-8 / PANSY-03-04:32 / RP-03-04:ENG14a658.3 c3039d30391 aAswathappa, K.1 aHuman resource and personnel managementbtext and casescby K. Aswathappa a3rd ed. aNew DelhibTata McGraw Hill Publishingc2003r axxvii, 615 pc24 cm (pbk) aThis is reprint 2003 adplcENk658.3 / ASW c2980d2980 00102ddc40708NFICaAGbAGg295.00l0o658.3 ASWpB-79552r2008-09-15 00:00:00u3173v295.00w2008-09-15yEN